Gdańsk w okresie nowożytnym

Titel: Gdańsk w okresie nowożytnym : kultura, religia, społeczeństwo i stosunki międzynarodowe = Danzig in der frühen Neuzeit : Kultur, Religion, Politik, Gesellschaft und internationale Beziehungen / redakcja Wiesław Długokęcki, Jürgen Sarnowsky
Beteiligt: ;
Körperschaft:
Veröffentlicht: Sopot : Wydawnictwo Uniwersytetu Gdańskiego, 2021
Umfang: 319 Seiten : Illustrationen ; 24 cm
Format: Buch
Sprache: Polnisch
Schlagworte:
ISBN: 9788382062663
Buchumschlag
X
alg: 49843676
001A    $03019:19-08-22 
001B    $03025:19-08-22 $t12:28:27.000 
001D    $03019:19-08-22 
001U    $0utf8 
001X    $00 
002@    $0Aau 
002C    $aText $btxt $2rdacontent 
002D    $aohne Hilfsmittel zu benutzen $bn $2rdamedia 
002E    $aBand $bnc $2rdacarrier 
003@    $0498436764 
004A    $A978-83-8206-266-3 
006C    $01312703198 $aOCoLC 
007A    $0BV047925973 $aBVB 
010@    $apol 
010E    $erda 
011@    $a2021 $n2021 
013D    $RWissenschaftliche Literatur $RAufsatzsammlung $71071861417 $8Konferenzschrift [Ts1] $9359646190 $y2019 $zDanzig 
021A    $aGdańsk w okresie nowożytnym $dkultura, religia, społeczeństwo i stosunki międzynarodowe $fDanzig in der frühen Neuzeit $fKultur, Religion, Politik, Gesellschaft und internationale Beziehungen $hredakcja Wiesław Długokęcki, Jürgen Sarnowsky 
028C    $BHerausgeber $4edt $71042381038 $8Długokęcki, Wiesław$Z1957- [Tp3] $9332022250 
028C    $BHerausgeber $#Sarnowski, Jürgen $4edt $7111698855 $8Sarnowsky, Jürgen$Z1955- [Tp1] $9146216172 
029A    $BVerfasser $4aut $8Międzynarodowa Konferencja Naukowa "Gdańsk w Okresie Nowożytnym". (Kultura, Religia, Społeczeństwo i Stosunki Międzynarodowe)$d2019$cDanzig [Tf1] $9492955484 
033A    $pSopot $nWydawnictwo Uniwersytetu Gdańskiego 
034D    $a319 Seiten 
034I    $a24 cm 
034M    $aIllustrationen 
044A    $aArchitektura polska $2dbn $S#7 $N650 
044A    $aArchitektura niemiecka $2dbn $S#7 $N650 
044A    $aLudność miejska $2dbn $S#7 $N650 
044A    $aMiasta $2dbn $S#7 $N650 
044A    $aPolityka międzynarodowa $2dbn $S#7 $N650 
044A    $aWyznania $2dbn $S#7 $N650 
044A    $aGdańsk (woj $2dbn $S#7 $N651 
044A    $aGdańsk (Polska) / cywilizacja / 1500-1800 / konferencje $2jhpk $S#7 $N651 
044A    $aGdańsk (Polska) / życie religijne / 1500-1800 / konferencje $2jhpk $S#7 $N651 
044A    $aGdańsk (Polska) / stosunki z zagranicą / 1500-1800 / konferencje $2jhpk $S#7 $N651 
044K    $#Danzig $#Ville Libre de Danzig $#Dantzig $#Ville Libre de Dantzig $#Freistaat Danzig $#Gdańsk $#Freie Stadt Danzig $#Urząd Miejski w Gdańsku $#Gyddanzyc $#Gedanum $#Dantiscum $74011039-4 $8Danzig [Tg1] $9085022225 
045F    $a307.0943809031 $eDDC23BSB 
045F/01 $a307.09 
045F/03 $f09031 
045F/03 $f09032 
045F/03 $f09033 
045F/03 $g438 
045F/03 $g4382 
045R    $aGeschichte 1500-1800 
045T    $aOST $qDE-12 $2FID 

lok: 49843676 66

exp: 49843676 66 1 #EPN
201B/01 $019-08-22 $t11:14:52.000 
201C/01 $019-08-22 
201U/01 $0utf8 
203@/01 $01212680162 
208@/01 $a19-08-22 $bz 
209A/01 $aVk Gda/Dłu $du $f000 $x00 
209C/01 $a22/h843 
247C/01 $8618123-5 Darmstadt, Bibliothek des Deutschen Polen-Instituts $9102600902 

lok: 49843676 78

exp: 49843676 78 1 #EPN
201B/01 $019-08-22 $t12:26:54.000 
201C/01 $019-08-22 
201U/01 $0utf8 
203@/01 $01212682157 
208@/01 $a19-08-22 $be 
209A/01 $a/ $f000 $x00 
209A/01 $ab*p $x01 
220C/01 $aeja 
244Z/01 $#Generalgouvernement Polen $#Polska $#Rzeczpospolita Polska $#Polska Rzeczpospolita Ludowa $#Poland $#Pologne $#République Polonaise $#Generalne Gubernatorstwo w Polsce $#Polish People's Republic $#Polska Rzeczpospolita Polen $#PRL $#RP $#Polen Generalgouvernement $#Polska Generalgouvernement $#Besetzte Polnische Gebiete $#Besetztes Gebiet in Polen $#Okupowane Polskie Obszary $#Obszary Okupowane w Polsce $#Volksrepublik Polen $#Polska Rosyjska $#Republic Polen $#Respublika Pol'ša $#Pol'skaja Narodnaja Respublika $#République de Pologne $#Polen Links der Weichsel $#Polska po Lewej Stronie Wisły $#Lenkija $#Polija $#Gubernija Carstva Pol'skago $#Republik Polen $74046496-9 $8--Tg1--Polen $x01 $9085129801 
244Z/01 $#Westpreußen $#Königlich-Preußen $#Polnisch-Preußen $#Königliches Preußen $74079244-4 $8--Tg1--Westpreußen $x11 $908522510X 
247C/01 $82080>Marburg/Lahn, Herder-Institut, Forschungsbibliothek, Bibliographieportal $9336309341
LEADER 00000cam a2200000 c 4500
001 498436764
003 DE-603
005 20220819122827.0
007 tu
008 220819s2021 xx |||| | u10||u|pol c
020 |a 9788382062663 
035 |a (DE-599)BVBBV047925973 
040 |a DE-603  |b ger  |c DE-603  |d DE-603  |e rda 
041 |a pol 
082 0 4 |8 1\u  |a 307.0943809031  |q DE-101  |2 23/BSB 
084 |a OST  |q DE-12  |2 fid 
085 |8 1\u  |b 307.09 
085 |8 1\u  |z 1  |s 09031 
085 |8 1\u  |z 1  |s 09032 
085 |8 1\u  |z 1  |s 09033 
085 |8 1\u  |z 2  |s 438 
085 |8 1\u  |z 2  |s 4382 
111 2 |a Międzynarodowa Konferencja Naukowa "Gdańsk w Okresie Nowożytnym". (Kultura, Religia, Społeczeństwo i Stosunki Międzynarodowe)  |d 2019  |c Danzig  |j Verfasser  |4 aut  |0 (DE-603)492955484  |0 (DE-588)1255224274  |2 gnd 
245 0 0 |a Gdańsk w okresie nowożytnym  |b kultura, religia, społeczeństwo i stosunki międzynarodowe = Danzig in der frühen Neuzeit : Kultur, Religion, Politik, Gesellschaft und internationale Beziehungen  |c redakcja Wiesław Długokęcki, Jürgen Sarnowsky 
264 1 |a Sopot  |b Wydawnictwo Uniwersytetu Gdańskiego  |c 2021 
300 |a 319 Seiten  |b Illustrationen  |c 24 cm 
336 |a Text  |b txt  |2 rdacontent 
337 |a ohne Hilfsmittel zu benutzen  |b n  |2 rdamedia 
338 |a Band  |b nc  |2 rdacarrier 
648 7 |a Geschichte 1500-1800  |2 gnd 
651 7 |a Danzig  |0 (DE-588)4011039-4  |0 (DE-603)085022225  |2 gnd 
655 7 |a Konferenzschrift  |y 2019  |z Danzig  |2 gnd-content  |0 (DE-588)1071861417  |0 (DE-603)359646190 
700 1 |a Długokęcki, Wiesław  |d 1957-  |e Herausgeber  |4 edt  |0 (DE-603)332022250  |0 (DE-588)1042381038  |2 gnd 
700 1 |a Sarnowsky, Jürgen  |d 1955-  |e Herausgeber  |4 edt  |0 (DE-603)146216172  |0 (DE-588)111698855  |2 gnd 
924 0 |9 Ds 123  |a (DE-603)1212680162  |b DE-Ds123  |c HES  |d d  |g Vk Gda/Dłu 
924 0 |9 2080  |a (DE-603)1212682157  |b DE-2080  |c HES  |d d  |g /